Países Fusionados #3 - Estadísticas

Estadísticas generales
  • Esta prueba ha sido intentada 48 veces
  • La puntuación promedio es 17 de 20
Respuestas en el mapa
Las respuestas están codificadas por una escala verde-roja en el mapa de la prueba según el % correcto abajo.
 
Estadísticas de respuestas
Country % Correcto
Brasil
95%
India
95%
Sudán
95%
Sudán del Sur
95%
Noruega
93%
Pakistán
93%
Suecia
93%
Uruguay
93%
Montenegro
83%
Serbia
83%
Mozambique
80%
Argelia
78%
Ecuador
78%
Irak
78%
Perú
78%
Siria
78%
Túnez
78%
Zimbabue
78%
Francia
65%
Surinam
65%
No se encontraron pruebas coincidentes
Distribución de puntuación
Porcentaje de gente con cada puntuación
Porcentaje por número respondido
Historial de tus puntuaciones
No has intentado esta prueba.